000 00805nam a22002297a 4500
001 44970
003 BD-RjUL
005 20211209053938.0
008 160721b1966 bg ||||| |||| 00| 0 ben d
020 _c: Tk 5.50
035 _a(BD-RjUL) 45088
040 _aBD-RjUL
_beng
_cBD-RjUL
041 _aben
082 _223
_a891.441
_bSHA 1966
245 0 0 _aশা'বারীদ খানের গ্রন্থাবলী
_cঅাহমদ শরীফ
260 _aঢাকা :
_bবাঙ্গালা একাডেমী,
_c১৯৬৬
300 _a[৫২], ১৯৬ পৃ. ;
_c১৯সেমি.
650 _aবাংলা কবিতা
_9137818
650 _aBangali poetry
_9120831
700 _aশরীফ, অাহমদ,সম্পাদনা
_9137819
942 _2ddc
_cBK
999 _c44970
_d44970